| 000 | 00862nam a2200277Ia 4500 | ||
|---|---|---|---|
| 003 | OSt | ||
| 005 | 20221005033332.0 | ||
| 006 | a|||||r|||| 00| 0 | ||
| 007 | ta | ||
| 008 | 221004b |||||||| |||| 00| 0 eng d | ||
| 020 |
_a9789386223708 (hbk) _cINR 2500.00 |
||
| 024 | _a35282 | ||
| 037 |
_b196, 10/11/2017, Eastern Book Linkers _cTextual |
||
| 040 |
_aCRL _cCRL _beng |
||
| 041 |
_2eng _aeng |
||
| 082 | _aNA44,9(Q2), Q8 | ||
| 100 |
_aKrishnakumari Myneni Au. _9586027 |
||
| 245 | 0 | _aIconography of Ganga and Yamuna | |
| 260 |
_aDelhi _bB.R.Publishing Corporation India _c2018 |
||
| 300 |
_axiv,182p. _ccm. |
||
| 650 |
_a GANGA _928522 |
||
| 650 |
_a HINDU SCULPTURE _9586028 |
||
| 650 | _aARTS | ||
| 942 |
_hNA44,9(Q2), Q8 _cTEXL _2cc |
||
| 999 |
_c941382 _d941382 |
||